| 000 | 00933cam a2200217 4500 | ||
|---|---|---|---|
| 001 | WB4024-20 | ||
| 008 | 040622n2004 000 0 eng u | ||
| 035 | _a(Sirsi) u126550 | ||
| 245 | _aUK transport system needs investment | ||
| 260 | _c2004 | ||
| 490 |
_aCBI News Release _v 10 June 2004 (4) |
||
| 520 | _aCBI boss looks at the government revised and renewed 10-Year transport plan, suggesting that at least £250bn of investment is needed between 2005 and 2015 if the plan is to be successful. This estimate by the CBI is £70bn more than the government original figure. http://www.cbi.org.uk/ndbs/press.nsf/0363c1f07c6ca 12a8025671c00381cc7/e4e4e82419a521d280256ead003398 54?OpenDocument | ||
| 590 | _aWB | ||
| 590 | _aWB | ||
| 650 | _aTRANSPORT SYSTEM | ||
| 650 | _aINFRASTRUCTURE PLANNING | ||
| 650 | _aGOVERNMENT SPENDING | ||
| 650 | _aTRANSPORT PLANS | ||
| 690 | _aTRANSPORT AND COMMUNICATIONS | ||
| 942 | _n0 | ||
| 999 |
_c117567 _d117567 |
||